MEDIATATION & LIFE. (Record no. 1296497)

MARC details
000 -LEADER
fixed length control field 00453nam a2200181Ia 4500
008 - FIXED-LENGTH DATA ELEMENTS--GENERAL INFORMATION
fixed length control field 151202s9999||||xx |||||||||||||| ||und||
082 ## - DEWEY DECIMAL CLASSIFICATION NUMBER
Item number PNVM-30535
100 ## - MAIN ENTRY--PERSONAL NAME
Personal name SWAMI CHINMAYANANDA.
245 ## - TITLE STATEMENT
Title MEDIATATION & LIFE.
260 ## - PUBLICATION, DISTRIBUTION, ETC. (IMPRINT)
Name of publisher, distributor, etc CHINMAYA PUB.TRUST.
260 ## - PUBLICATION, DISTRIBUTION, ETC. (IMPRINT)
Date of publication, distribution, etc 0
300 ## - PHYSICAL DESCRIPTION
Extent 152
600 ## - SUBJECT ADDED ENTRY--PERSONAL NAME
Personal name SWAMI CHINMAYANANDA.
630 ## - SUBJECT ADDED ENTRY--UNIFORM TITLE
Uniform title MEDIATATION & LIFE.
700 ## - ADDED ENTRY--PERSONAL NAME
Personal name SWAMI CHINMAYANANDA.
730 ## - ADDED ENTRY--UNIFORM TITLE
Uniform title MEDIATATION & LIFE.
942 ## - ADDED ENTRY ELEMENTS (KOHA)
Koha item type Book
Holdings
Withdrawn status Lost status Damaged status Not for loan Home library Current library Date acquired Cost, normal purchase price Total Checkouts Full call number Barcode Date last seen Cost, replacement price Price effective from Koha item type
        Pune Nagar Vachan Mandir, Pune Pune Nagar Vachan Mandir, Pune 06/21/2015 0.00   PNVM-30535 PNVM-30535 12/02/2015 0.00 12/02/2015 Book